000 00290nam a22001217a 4500
003 SGT
082 _a616.0757
_bI17T
100 _aTULI,ANITA
245 _aILLUSTRATED PRACTICAL MANUAL OF SURFACE AND RADIOLOGICAL ANATOMY
260 _aINDIA
_bJAYPEE
_c2017
300 _a243
942 _2ddc
_cBK
999 _c14183
_d14183